| 000 | 00558nam a22001697a 4500 | ||
|---|---|---|---|
| 003 | OSt | ||
| 005 | 20171010095455.0 | ||
| 008 | 120703t xxu||||| |||| 00| 0 eng d | ||
| 040 |
_aMMSU _cULS |
||
| 100 |
_aRigonan, Ma. Leoneza B. _910971 |
||
| 245 |
_aContent analysis of Seventeen magazine _cMa. Leoneza B. Rigonan |
||
| 260 | _c2008 | ||
| 300 |
_axiii, 119 leaves _c28 cm. |
||
| 500 | _aThesis (AB English Studies) -- Mariano Marcos State University-College of Arts & Sciences, Batac City | ||
| 504 | _aBibliography: leaves 54-55 | ||
| 942 |
_2ddc _cTHEDIS |
||
| 999 |
_c9618 _d9618 |
||